Airport By Picture - Statistics

General Stats
  • This quiz has been taken 241 times
  • The average score is 6 of 12
Answer Stats
Picture Answer % Correct
Dubai
85%
New York
82%
Zurich
80%
London
75%
Atlanta
69%
Singapore
61%
Shanghai
52%
Mumbai
33%
Johannesburg
13%
Kolkata
10%
Edinburgh
8%
Bengaluru
5%
No matching quizzes found
Score Distribution
Percent of People with Each Score
Percentile by Number Answered
Your Score History
You have not taken this quiz